005770000a220010900045001000041000002450204000412600050002453000014002955000047003095200105003560010006004611 aZuleta Basilio, Alexander de Jesús10aAnálisis exhaustivo de los materiales bíblicos Antiguo y Nuevo Testamento. Segunda parte. / Alexander de Jesús Zuleta Basilio, Dionicio Segundo Guerrero Peralta, Gloria Elena Muñóz Vallejo. aMedellín : Seminario Bíblico de Colombia a107 Pág aAsesor: Dr. Fernando Abilio Mosquera Brand a2. Antiguo Testamento y escatología cristiana. 3. El Nuevo Testamento y la escatología cristiana14749